Odborná vedecká konferencia VPS - Slovakia automatické expanzné automaty Olymp : kotly osadené turbulátormi a horákmi typu DZ : plynové automatické horáky typu Dunphy : využitie LPG technológií : obchodno-technické služby v oblasti snehových diel ARECO firmy AUDRY : Stará Lesná, Bratislava, Banská Bystrica, Poprad 2002

Bibliographic Details
Main Author: Andrejčák, Imrich (Author)
Format: Software eBook
Language:Slovak
PhysicalDescription:1 elektronický optický disk (CD-ROM) 12 cm
Published: Košice Technická univerzita 2002
ISBN:8070999365
Subjects:

MARC

LEADER 00000nam a2200000 a 4500
001 vtls001478530
003 SK-MaSNL
005 20260426004800.0
007 co cg
008 160801s2002 xo fs 1 00 slo
015 |a SNBS2005/01-00248 
020 |a 8070999365 
035 |a SNK000433830 
040 |a SNK  |b slo  |c SNK  |e AACR2 
072 7 |a 662  |x Výbušniny. Palivá  |2 konspekt 
080 |a 662.6/.9  |x (437.6)  |x (0.034.44)  |2 snkbusd 
080 |a 662.941.2  |2 MDT-MRF 
080 |a 662.95  |2 MDT-MRF 
080 |a (063)  |2 MDT-MRF 
245 0 0 |a Odborná vedecká konferencia VPS - Slovakia  |h elektronický zdroj  |b automatické expanzné automaty Olymp : kotly osadené turbulátormi a horákmi typu DZ : plynové automatické horáky typu Dunphy : využitie LPG technológií : obchodno-technické služby v oblasti snehových diel ARECO firmy AUDRY : Stará Lesná, Bratislava, Banská Bystrica, Poprad 2002  |c Imrich Andrejčák 
260 |a Košice  |b Technická univerzita  |c 2002 
300 |a 1 elektronický optický disk (CD-ROM)  |c 12 cm 
500 |a Názov z obalu 
650 0 7 |a plynárenské technológie  |2 snkbusd  |9 73289 
650 0 7 |a plynárenské výrobky  |2 snkbusd  |9 640899 
650 0 7 |a obchodno-technické služby  |2 snkbusd  |9 640900 
650 0 7 |a kotly  |2 snkbusd  |9 20560 
650 0 7 |a horáky  |2 snkbusd  |9 302184 
651 7 |a Slovensko  |2 SNKPH  |9 14231 
655 7 |a elektronické dokumenty  |2 SNKPH  |9 70518 
655 7 |a zborníky konferencií  |2 SNKPH  |9 70153 
655 7 |a CD-ROM  |2 SNKPH  |9 70236 
700 1 |a Andrejčák, Imrich  |4 aut  |9 6758 
710 2 |a Technická univerzita v Košiciach.  |b Fakulta výrobných technológií v Prešove  |4 orm  |9 176111 
919 |a 80-7099-936-5 
999 |c 989913  |d 991843 
952 |t P60, <03>, [BOOK], {603}, -K-  |a SNK  |b SNK  |y PREZ  |7 0  |p 17A0437180  |o snkSCDM 488  |i snkJK 312/2004  |0 0  |1 0  |4 0  |d 2004-07-15  |l 0  |r 2005-01-02 00:00:00  |w 2026-02-24